000 00354nam a22001577a 4500
003 OSt
008 250419b |||||||| |||| 00| 0 eng d
020 _a9789394168527
082 _a371.120 BHS
100 _aBHARDWAJ,AP
245 _aStatic General Knowledge
250 _a3rd Ed
260 _bGK Publisher
_c2025
300 _aMISC
942 _2ddc
_cBK
999 _c13339
_d13339